[Event "DEM U10 2019"]
[Site "Willingen GER"]
[Date "2019.06.12"]
[Round "7"]
[White "Sauer, Tim"]
[Black "Torosyan, Bagrat"]
[Result "1/2-1/2"]
[Termination "normal"]
[Board "5"]
[WhiteElo "1553"]
[BlackElo "1444"]
[WhiteClock "00:11:53"]
[BlackClock "01:00:37"]
[PlyCount "126"]
[WhiteFideId "16265726"]
[BlackFideId "16258134"]
[EventCountry "GER"]
[EventRounds "11"]
[EventType "swiss"]
[EventDate "2019.06.08"]

1. c4 {[%clk 1:15:58]} 1... Nf6 {[%clk 1:15:55]} 2. Nc3 {[%clk 1:16:23]} 2...
c5 {[%clk 1:16:15]} 3. g3 {[%clk 1:16:31]} 3... Nc6 {[%clk 1:16:33]} 4. Bg2 {
[%clk 1:16:58]} 4... g6 {[%clk 1:16:54]} 5. e3 {[%clk 1:16:43]} 5... d6 { [%clk
1:17:17]} 6. Nge2 {[%clk 1:16:35]} 6... Bg7 {[%clk 1:17:38]} 7. O-O { [%clk
1:16:49]} 7... a6 {[%clk 1:17:48]} 8. d4 {[%clk 1:16:59]} 8... Bd7 { [%clk
1:17:53]} 9. b3 {[%clk 1:10:29]} 9... Rb8 {[%clk 1:17:37]} 10. d5 { [%clk
1:05:42]} 10... Na7 11. Bb2 {[%clk 1:04:39]} 11... O-O {[%clk 1:17:17]} 12. e4
{[%clk 1:01:01]} 12... b5 {[%clk 1:17:08]} 13. cxb5 {[%clk 1:00:44]} 13... Nxb5
{[%clk 1:17:28]} 14. Qd2 {[%clk 0:56:24]} 14... Qc8 {[%clk 1:15:37]} 15. Nf4
{[%clk 0:51:48]} 15... Nd4 {[%clk 1:12:22]} 16. Nd1 {[%clk 0:47:10]} 16... Ne8
{[%clk 1:08:39]} 17. Nc3 {[%clk 0:34:22]} 17... Bb5 {[%clk 1:03:31]} 18. Nxb5
{[%clk 0:33:45]} 18... axb5 {[%clk 1:03:50]} 19. Ne2 {[%clk 0:32:46]} 19...
Nxe2+ {[%clk 1:01:27]} 20. Qxe2 {[%clk 0:33:04]} 20... Bxb2 { [%clk 1:01:51]}
21. Qxb2 {[%clk 0:33:20]} 21... c4 {[%clk 1:00:01]} 22. Rfc1 { [%clk 0:29:34]}
22... Qa6 {[%clk 0:59:22]} 23. bxc4 {[%clk 0:28:50]} 23... Nf6 {[%clk 0:58:04]}
24. cxb5 {[%clk 0:28:40]} 24... Rxb5 {[%clk 0:58:12]} 25. Qe2 {[%clk 0:28:16]}
25... Qa5 {[%clk 0:56:29]} 26. Rab1 {[%clk 0:20:17]} 26... Rfb8 {[%clk
0:55:46]} 27. Rxb5 {[%clk 0:19:47]} 27... Qxb5 {[%clk 0:54:37]} 28. Qxb5 {[%clk
0:19:13]} 28... Rxb5 {[%clk 0:54:58]} 29. Ra1 {[%clk 0:17:57]} 29... Ra5 {[%clk
0:54:18]} 30. a4 {[%clk 0:18:19]} 30... Nd7 {[%clk 0:54:42]} 31. Rb1 {[%clk
0:06:38]} 31... Nc5 {[%clk 0:54:54]} 32. Ra1 {[%clk 0:03:24]} 32... Rxa4 {[%clk
0:54:36]} 33. Rxa4 {[%clk 0:03:25]} 33... Nxa4 { [%clk 0:54:56]} 34. Kf1 {[%clk
0:03:48]} 34... Kg7 {[%clk 0:55:16]} 35. Ke2 { [%clk 0:04:14]} 35... Kf6 {[%clk
0:55:36]} 36. Ke3 {[%clk 0:04:12]} 36... g5 { [%clk 0:55:43]} 37. h3 {[%clk
0:04:19]} 37... Nc5 {[%clk 0:55:30]} 38. f4 { [%clk 0:03:45]} 38... gxf4+
{[%clk 0:55:24]} 39. gxf4 {[%clk 0:03:58]} 39... e5 {[%clk 0:54:10]} 40. dxe6
{[%clk 0:02:47]} 40... fxe6 {[%clk 0:50:54]} 41. Kd4 {[%clk 0:02:19]} 41... Nd7
{[%clk 0:50:59]} 42. Bf3 {[%clk 0:01:03]} 42... e5+ {[%clk 0:51:07]} 43. Ke3
{[%clk 0:13:12]} 43... exf4+ {[%clk 1:03:50]} 44. Kxf4 {[%clk 0:11:53]} 44...
Ne5 {[%clk 1:00:37]} 45. Bh5 Ng6+ 46. Bxg6 Kxg6 47. Kg4 h6 48. h4 h5+ 49. Kf3
Kf7 50. Ke3 Ke7 51. Kf2 Kf6 52. Kf3 Ke6 53. Kf2 Kf6 54. Kf3 Ke6 55. Kf2 Kf7 56.
Kf3 Ke6 57. Kf2 Kd7 58. Kf3 Ke7 59. Ke3 Kf7 60. Kf3 Ke6 61. Kf2 Kf6 62. Ke2 Ke6
63. Kf3 Kf7 1/2-1/2

[Event "DEM U10 2019"]
[Site "Willingen GER"]
[Date "2019.06.12"]
[Round "7"]
[White "Huber, Benedikt Thomas"]
[Black "Haubold, Sebastian Marcel"]
[Result "1-0"]
[Termination "normal"]
[Board "6"]
[WhiteElo "1441"]
[BlackElo "1506"]
[WhiteClock "00:18:31"]
[BlackClock "00:20:18"]
[PlyCount "141"]
[WhiteFideId "16281225"]
[BlackFideId "16259637"]
[EventCountry "GER"]
[EventRounds "11"]
[EventType "swiss"]
[EventDate "2019.06.08"]

1. e4 {[%clk 1:15:59]} 1... c5 {[%clk 1:15:49]} 2. c3 {[%clk 1:16:24]} 2... d5
{[%clk 1:16:02]} 3. exd5 {[%clk 1:16:45]} 3... Qxd5 {[%clk 1:16:27]} 4. d4 {
[%clk 1:17:07]} 4... Nf6 {[%clk 1:16:36]} 5. Nf3 {[%clk 1:17:19]} 5... Bg4 {
[%clk 1:16:39]} 6. Be2 {[%clk 1:17:32]} 6... e6 {[%clk 1:16:29]} 7. Na3 { [%clk
1:15:24]} 7... a6 {[%clk 1:14:11]} 8. O-O {[%clk 1:12:49]} 8... Be7 { [%clk
1:12:34]} 9. Be3 {[%clk 1:01:29]} 9... cxd4 {[%clk 1:11:10]} 10. cxd4 { [%clk
1:00:19]} 10... O-O {[%clk 1:07:01]} 11. Nc2 {[%clk 0:55:47]} 11... Nc6 { [%clk
1:04:42]} 12. h3 {[%clk 0:51:43]} 12... Bh5 {[%clk 1:01:18]} 13. Bf4 { [%clk
0:47:06]} 13... b5 {[%clk 0:55:54]} 14. Ne3 {[%clk 0:43:57]} 14... Qd7 { [%clk
0:55:22]} 15. Rc1 {[%clk 0:40:09]} 15... Rac8 {[%clk 0:49:15]} 16. Nc2 { [%clk
0:34:40]} 16... Rfd8 {[%clk 0:47:29]} 17. Be3 {[%clk 0:30:52]} 17... Nd5 {[%clk
0:44:18]} 18. Bd2 {[%clk 0:29:39]} 18... Bf6 {[%clk 0:42:31]} 19. Be3 { [%clk
0:25:03]} 19... Nb6 {[%clk 0:41:37]} 20. Ne5 {[%clk 0:19:40]} 20... Bxe5 {[%clk
0:37:28]} 21. dxe5 {[%clk 0:19:53]} 21... Qxd1 {[%clk 0:36:54]} 22. Bxd1 {[%clk
0:20:16]} 22... Bxd1 {[%clk 0:37:06]} 23. Bxb6 {[%clk 0:20:20]} 23... Be2
{[%clk 0:36:49]} 24. Rfe1 {[%clk 0:20:02]} 24... Nxe5 {[%clk 0:23:34]} 25. Rxe2
{[%clk 0:17:40]} 25... Rd6 {[%clk 0:23:58]} 26. Rxe5 {[%clk 0:18:02]} 26...
Rxb6 27. Ree1 27... Rbc6 {[%clk 0:24:22]} 28. Re2 {[%clk 0:17:59]} 28... a5
{[%clk 0:24:02]} 29. Rd2 {[%clk 0:18:00]} 29... h6 {[%clk 0:24:18]} 30. Kf1
{[%clk 0:17:13]} 30... b4 {[%clk 0:23:51]} 31. b3 {[%clk 0:17:23]} 31... Kf8 {
[%clk 0:23:29]} 32. Ke1 {[%clk 0:17:41]} 32... Ke7 {[%clk 0:21:34]} 33. Kd1 {
[%clk 0:17:49]} 33... e5 {[%clk 0:21:35]} 34. Rb1 {[%clk 0:17:38]} 34... f5 {
[%clk 0:21:47]} 35. Ne3 {[%clk 0:17:43]} 35... Ke6 {[%clk 0:22:07]} 36. Nc4 {
[%clk 0:17:49]} 36... a4 {[%clk 0:22:21]} 37. Re2 {[%clk 0:17:42]} 37... Rd8+ {
[%clk 0:22:22]} 38. Ke1 {[%clk 0:17:54]} 38... Rc5 {[%clk 0:22:31]} 39. Rd1 {
[%clk 0:18:05]} 39... Rxd1+ {[%clk 0:21:13]} 40. Kxd1 {[%clk 0:18:31]} 40...
axb3 {[%clk 0:20:41]} 41. axb3 {[%clk 0:18:51]} 41... g5 {[%clk 0:19:56]} 42.
Rd2 {[%clk 0:18:32]} 42... Rd5 {[%clk 0:19:34]} 43. Rxd5 {[%clk 0:18:52]} 43...
Kxd5 {[%clk 0:19:59]} 44. Kd2 {[%clk 0:18:53]} 44... f4 {[%clk 0:20:18]} 45. f3
{[%clk 0:18:31]} 45... e4 46. fxe4+ Kxe4 47. Ke2 h5 48. Nd2+ Kd5 49. Kf3 Kd4
50. Ne4 g4+ 51. hxg4 hxg4+ 52. Kxf4 Kd3 53. Nc5+ Kd4 54. Na4 Kd3 55. Kxg4 Kc2
56. Nc5 Kc3 57. Kf5 Kd4 58. Na4 Kd3 59. g4 Kc2 60. Nc5 Kc3 61. g5 Kd4 62. g6
Kxc5 63. g7 Kd4 64. g8=Q Kc3 65. Qc4+ Kb2 66. Ke4 Ka3 67. Kd3 Kb2 68. Qxb4 Kc1
69. Qd2+ Kb1 70. Kc3 Ka1 71. Qb2# 1-0

[Event "DEM U10 2019"]
[Site "Willingen GER"]
[Date "2019.06.12"]
[Round "7"]
[White "Ruddat, Jarne"]
[Black "Navarro Jahnke, Leo"]
[Result "1/2-1/2"]
[Termination "normal"]
[Board "7"]
[WhiteElo "1350"]
[BlackElo "1334"]
[WhiteClock "00:09:29"]
[BlackClock "00:26:37"]
[PlyCount "191"]
[WhiteFideId "16254236"]
[BlackFideId "16234146"]
[EventCountry "GER"]
[EventRounds "11"]
[EventType "swiss"]
[EventDate "2019.06.08"]

1. e4 {[%clk 1:15:58]} 1... c5 {[%clk 1:15:56]} 2. Nc3 {[%clk 1:16:24]} 2... a6
{[%clk 1:16:21]} 3. f4 {[%clk 1:16:21]} 3... b5 {[%clk 1:16:45]} 4. g3 { [%clk
1:08:16]} 4... Bb7 {[%clk 1:16:57]} 5. Bg2 {[%clk 1:08:17]} 5... e6 { [%clk
1:17:20]} 6. d3 {[%clk 1:01:59]} 6... d5 {[%clk 1:16:19]} 7. exd5 { [%clk
0:58:18]} 7... exd5 {[%clk 1:16:47]} 8. Nce2 {[%clk 0:56:12]} 8... Nf6 { [%clk
1:16:49]} 9. Nf3 {[%clk 0:53:19]} 9... Nc6 {[%clk 1:15:50]} 10. O-O { [%clk
0:52:25]} 10... Bd6 {[%clk 1:15:29]} 11. Re1 {[%clk 0:50:06]} 11... O-O { [%clk
1:15:43]} 12. b3 {[%clk 0:41:53]} 12... Re8 {[%clk 1:12:58]} 13. Bb2 { [%clk
0:41:30]} 13... Ng4 {[%clk 1:13:15]} 14. d4 {[%clk 0:30:54]} 14... c4 { [%clk
1:09:46]} 15. Nc3 {[%clk 0:27:34]} 15... Ne3 {[%clk 1:08:22]} 16. Qd2 { [%clk
0:27:30]} 16... b4 {[%clk 1:08:38]} 17. Rxe3 {[%clk 0:26:51]} 17... bxc3 {[%clk
1:08:28]} 18. Bxc3 {[%clk 0:26:21]} 18... Rxe3 {[%clk 0:55:04]} 19. Qxe3 {[%clk
0:26:38]} 19... Bb4 {[%clk 0:55:21]} 20. bxc4 {[%clk 0:25:24]} 20... dxc4
{[%clk 0:54:55]} 21. Bxb4 {[%clk 0:25:33]} 21... Nxb4 {[%clk 0:53:01]} 22. Qc3
{[%clk 0:23:09]} 22... Bxf3 {[%clk 0:53:06]} 23. Bxf3 {[%clk 0:23:35]} 23...
Rc8 {[%clk 0:53:19]} 24. Kg2 {[%clk 0:20:31]} 24... Nd5 {[%clk 0:46:11]} 25.
Qd2 {[%clk 0:18:13]} 25... c3 {[%clk 0:45:08]} 26. Qe2 {[%clk 0:17:48]} 26...
g6 {[%clk 0:40:06]} 27. Qe4 {[%clk 0:16:19]} 27... Nb6 {[%clk 0:37:45]} 28. Be2
{[%clk 0:15:15]} 28... Nc4 {[%clk 0:32:37]} 29. Re1 {[%clk 0:12:28]} 29... Nd2
{[%clk 0:32:18]} 30. Qe3 {[%clk 0:12:49]} 30... Qd5+ {[%clk 0:32:19]} 31. Kg1
{[%clk 0:12:53]} 31... Qxa2 {[%clk 0:32:38]} 32. Bd3 {[%clk 0:12:13]} 32... a5
{[%clk 0:32:28]} 33. Ba6 {[%clk 0:11:40]} 33... Ra8 {[%clk 0:32:17]} 34. Qxc3
{[%clk 0:11:24]} 34... Nb1 {[%clk 0:30:26]} 35. Qc4 {[%clk 0:10:51]} 35... Qb2
{[%clk 0:29:17]} 36. Re7 {[%clk 0:10:30]} 36... Rf8 {[%clk 0:28:42]} 37. Qd5
{[%clk 0:09:41]} 37... Nd2 {[%clk 0:26:48]} 38. Qxa5 {[%clk 0:09:04]} 38...
Qxd4+ {[%clk 0:26:37]} 39. Kg2 {[%clk 0:09:29]} 39... Ne4 40. Bd3 Nf6 41. Qe5
Qb6 42. c4 Ng4 43. Qe2 Qd6 44. h3 Nf6 45. Qe3 Rd8 46. Be2 Qc6+ 47. Kh2 Rb8 48.
Qf3 Qc5 49. Re5 Qc7 50. Rb5 Re8 51. Bd3 Qa7 52. Re5 Rb8 53. Rb5 Ra8 54. h4 Rc8
55. Qb7 Ng4+ 56. Kg2 Qxb7+ 57. Rxb7 Ne3+ 58. Kf3 Nxc4 59. Bxc4 Rxc4 60. Kg4 Kg7
61. h5 gxh5+ 62. Kxh5 Rc5+ 63. Kg4 Kg6 64. Rb6+ f6 65. Kh4 h5 66. Rd6 Rc1 67.
Kh3 Rc5 68. Rb6 Kf5 69. Kh4 Rc1 70. Kh3 Rc5 71. Kh4 Kg6 72. g4 hxg4 73. Kxg4
Rc3 74. f5+ Kg7 75. Rb7+ Kh6 76. Rb6 Rc4+ 77. Kf3 Kg5 78. Rb5 Rc1 79. Kf2 Kf4
80. Ke2 Ke4 81. Kd2 Rf1 82. Ke2 Ra1 83. Kf2 Ra3 84. Rc5 Rf3+ 85. Ke2 Rxf5 86.
Rxf5 Kxf5 87. Kf3 Ke5 88. Ke3 f5 89. Kf3 f4 90. Kf2 Ke4 91. Ke2 f3+ 92. Kf2 Kf4
93. Kf1 Kf5 94. Kf2 Kg4 95. Kf1 Kh3 96. Kf2 1/2-1/2

[Event "DEM U10 2019"]
[Site "Willingen GER"]
[Date "2019.06.12"]
[Round "7"]
[White "Fietz, Nils"]
[Black "Malinowsky, Levi"]
[Result "1-0"]
[Termination "normal"]
[Board "8"]
[WhiteElo "1677"]
[BlackElo "1400"]
[WhiteClock "00:26:51"]
[BlackClock "00:00:31"]
[PlyCount "123"]
[WhiteFideId "16263880"]
[BlackFideId "16253094"]
[EventCountry "GER"]
[EventRounds "11"]
[EventType "swiss"]
[EventDate "2019.06.08"]

1. e4 {[%clk 1:15:56]} 1... e5 {[%clk 1:15:40]} 2. Nf3 {[%clk 1:16:11]} 2...
Nc6 {[%clk 1:15:37]} 3. Bc4 {[%clk 1:16:08]} 3... Bc5 {[%clk 1:15:03]} 4. c3 {
[%clk 1:15:44]} 4... Nf6 {[%clk 1:14:32]} 5. d3 {[%clk 1:15:19]} 5... h6 {
[%clk 1:11:59]} 6. Nbd2 {[%clk 1:15:05]} 6... d5 {[%clk 1:09:08]} 7. exd5 {
[%clk 1:14:34]} 7... Nxd5 {[%clk 1:09:26]} 8. Ne4 {[%clk 1:14:29]} 8... Bb6 {
[%clk 1:08:15]} 9. Bb5 {[%clk 1:10:08]} 9... Bg4 {[%clk 1:03:45]} 10. Ng3 {
[%clk 1:09:29]} 10... Bxf3 {[%clk 0:55:53]} 11. Qxf3 {[%clk 1:09:23]} 11... Qd7
{[%clk 0:53:28]} 12. O-O {[%clk 1:04:28]} 12... O-O {[%clk 0:46:22]} 13. Nf5 {
[%clk 1:02:11]} 13... Qe6 {[%clk 0:37:16]} 14. Bxc6 {[%clk 1:00:30]} 14... bxc6
{[%clk 0:34:38]} 15. c4 {[%clk 0:55:39]} 15... Nb4 {[%clk 0:26:38]} 16. Qg4 {
[%clk 0:52:08]} 16... g5 {[%clk 0:11:51]} 17. Bxg5 {[%clk 0:51:33]} 17... Kh7 {
[%clk 0:08:56]} 18. Be7 {[%clk 0:49:16]} 18... Rg8 {[%clk 0:08:37]} 19. Qe4 {
[%clk 0:49:23]} 19... c5 {[%clk 0:03:53]} 20. a3 {[%clk 0:43:19]} 20... Na6 {
[%clk 0:02:49]} 21. Ne3+ {[%clk 0:41:19]} 21... Kh8 {[%clk 0:02:10]} 22. Nd5 {
[%clk 0:39:20]} 22... f5 {[%clk 0:01:36]} 23. Qh4 {[%clk 0:39:14]} 23... Qg6 {
[%clk 0:00:55]} 24. Bf6+ {[%clk 0:37:34]} 24... Kh7 {[%clk 0:01:09]} 25. Qg3 {
[%clk 0:37:50]} 25... Qh5 {[%clk 0:01:02]} 26. Bg7 {[%clk 0:33:38]} 26... Qg6 {
[%clk 0:00:31]} 27. Qxg6+ {[%clk 0:33:30]} 27... Kxg6 {[%clk 0:00:54]} 28. Bxe5
{[%clk 0:33:44]} 28... Rae8 {[%clk 0:00:31]} 29. f4 {[%clk 0:33:22]} 29... Re6
{[%clk 0:00:31]} 30. Rfe1 {[%clk 0:29:18]} 30... Rge8 {[%clk 0:00:31]} 31. Bc3
{[%clk 0:26:33]} 31... Rxe1+ {[%clk 0:00:31]} 32. Rxe1 {[%clk 0:26:45]} 32...
Rxe1+ {[%clk 0:00:54]} 33. Bxe1 {[%clk 0:27:09]} 33... Kf7 {[%clk 0:00:31]} 34.
Kf2 {[%clk 0:26:51]} 34... c6 35. Nxb6 axb6 36. Ke3 Ke6 37. Bh4 Kd7 38. h3 h5
39. Bf6 Nc7 40. Kf3 Ne6 41. Be5 h4 42. Bf6 Nd4+ 43. Bxd4 cxd4 44. g4 Ke6 45.
gxf5+ Kxf5 46. b4 b5 47. c5 Ke6 48. Ke4 Kf6 49. f5 Kf7 50. Kxd4 Kf6 51. Ke4 Kf7
52. Ke5 Ke7 53. f6+ Kf7 54. Kf5 Ke8 55. Ke6 Kd8 56. f7 Kc7 57. d4 Kb7 58. Kd7
Ka7 59. Kc7 Ka6 60. f8=Q Ka7 61. Qb8+ Ka6 62. Qa8# 1-0

[Event "DEM U10 2019"]
[Site "Willingen GER"]
[Date "2019.06.12"]
[Round "7"]
[White "Freude, Paul"]
[Black "Li, David"]
[Result "1-0"]
[Termination "normal"]
[Board "9"]
[WhiteElo "1713"]
[BlackElo "1418"]
[WhiteClock "00:24:04"]
[BlackClock "00:14:45"]
[PlyCount "133"]
[WhiteFideId "16280717"]
[BlackFideId "16287185"]
[EventCountry "GER"]
[EventRounds "11"]
[EventType "swiss"]
[EventDate "2019.06.08"]

1. e4 {[%clk 1:15:58]} 1... c6 {[%clk 1:15:57]} 2. d4 {[%clk 1:16:22]} 2... d5
{[%clk 1:16:23]} 3. exd5 {[%clk 1:16:44]} 3... cxd5 {[%clk 1:16:43]} 4. Bd3 {
[%clk 1:17:06]} 4... Nc6 {[%clk 1:16:32]} 5. c3 {[%clk 1:17:29]} 5... Nf6 {
[%clk 1:16:27]} 6. Bf4 {[%clk 1:13:39]} 6... Bg4 {[%clk 1:16:21]} 7. Qb3 {
[%clk 1:13:55]} 7... Qd7 {[%clk 1:12:54]} 8. Nd2 {[%clk 1:14:09]} 8... e6 {
[%clk 1:12:27]} 9. Ngf3 {[%clk 1:13:49]} 9... Be7 {[%clk 1:12:40]} 10. Ne5 {
[%clk 1:13:43]} 10... Qc8 {[%clk 1:09:16]} 11. O-O {[%clk 1:13:31]} 11... O-O {
[%clk 1:07:41]} 12. Rae1 {[%clk 1:12:37]} 12... Nh5 {[%clk 0:44:36]} 13. Nxc6 {
[%clk 1:06:50]} 13... Qxc6 {[%clk 0:42:13]} 14. Be5 {[%clk 1:01:27]} 14... Nf6
{[%clk 0:41:37]} 15. c4 {[%clk 0:56:20]} 15... b6 {[%clk 0:38:05]} 16. Qc2 {
[%clk 0:50:45]} 16... dxc4 {[%clk 0:35:37]} 17. Bxf6 {[%clk 0:50:12]} 17...
Bxf6 {[%clk 0:35:46]} 18. Bxh7+ {[%clk 0:50:08]} 18... Kh8 {[%clk 0:36:06]} 19.
Be4 {[%clk 0:50:21]} 19... Qc7 {[%clk 0:34:17]} 20. Bxa8 {[%clk 0:49:33]} 20...
Rxa8 {[%clk 0:34:42]} 21. Qe4 {[%clk 0:49:43]} 21... Rd8 {[%clk 0:34:08]} 22.
Qxg4 {[%clk 0:48:34]} 22... Rxd4 {[%clk 0:34:23]} 23. Qe2 {[%clk 0:47:29]}
23... Qd7 {[%clk 0:32:59]} 24. Nxc4 {[%clk 0:41:19]} 24... Rh4 {[%clk 0:28:40]}
25. Ne5 {[%clk 0:39:09]} 25... Qc7 {[%clk 0:28:42]} 26. Nf3 {[%clk 0:39:07]}
26... Rc4 {[%clk 0:28:10]} 27. Qe3 {[%clk 0:36:50]} 27... Bxb2 {[%clk 0:27:23]}
28. Rd1 {[%clk 0:30:56]} 28... Rc5 {[%clk 0:26:43]} 29. Qd2 {[%clk 0:30:01]}
29... Bf6 {[%clk 0:26:42]} 30. Rc1 {[%clk 0:29:30]} 30... Bc3 {[%clk 0:24:49]}
31. Qe3 {[%clk 0:26:39]} 31... Bb4 {[%clk 0:21:38]} 32. Rxc5 {[%clk 0:26:30]}
32... Bxc5 {[%clk 0:21:53]} 33. Qe4 {[%clk 0:26:15]} 33... Qd8 {[%clk 0:21:33]}
34. Qh4+ {[%clk 0:26:17]} 34... Qxh4 {[%clk 0:21:50]} 35. Nxh4 {[%clk 0:26:41]}
35... Kh7 {[%clk 0:20:53]} 36. Rd1 {[%clk 0:26:29]} 36... f6 {[%clk 0:19:38]}
37. Re1 {[%clk 0:25:53]} 37... e5 {[%clk 0:20:01]} 38. Rd1 {[%clk 0:26:15]}
38... a5 {[%clk 0:19:42]} 39. Rd7 {[%clk 0:26:17]} 39... Kh6 {[%clk 0:17:56]}
40. Nf5+ {[%clk 0:26:25]} 40... Kg6 {[%clk 0:18:13]} 41. Nxg7 {[%clk 0:26:30]}
41... b5 {[%clk 0:17:49]} 42. Rd5 {[%clk 0:25:34]} 42... Bb4 {[%clk 0:14:32]}
43. Ne8 {[%clk 0:24:26]} 43... Kf7 {[%clk 0:14:44]} 44. Nc7 {[%clk 0:24:21]}
44... Ke7 {[%clk 0:14:45]} 45. Nxb5 {[%clk 0:24:04]} 45... Ke6 46. Rd1 Bf8 47.
Nc7+ Kf5 48. f3 Bb4 49. a4 Bf8 50. Na6 Bh6 51. Kf2 Bf4 52. g3 Bh6 53. Rd5 Ke6
54. Nc7+ Ke7 55. Rxa5 Kd7 56. Nd5 Ke6 57. Ne3 Kf7 58. Ra8 Ke7 59. a5 Kf7 60. a6
Bxe3+ 61. Kxe3 f5 62. a7 Kg6 63. Rg8+ Kh5 64. a8=Q f4+ 65. Ke4 fxg3 66. Kf5 g2
67. Rh8# 1-0

[Event "DEM U10 2019"]
[Site "Willingen GER"]
[Date "2019.06.12"]
[Round "7"]
[White "Dordevic, Tom"]
[Black "Guo, Jacob Tingshen"]
[Result "1-0"]
[Termination "normal"]
[Board "10"]
[WhiteElo "1158"]
[BlackElo "1420"]
[PlyCount "91"]
[WhiteFideId "16260503"]
[BlackFideId "16245245"]
[EventCountry "GER"]
[EventRounds "11"]
[EventType "swiss"]
[EventDate "2019.06.08"]

1. e4 c5 2. Nf3 Nc6 3. d4 cxd4 4. Nxd4 Nf6 5. Nc3 e5 6. Ndb5 d6 7. Bg5 a6 8.
Na3 Be6 9. Bxf6 gxf6 10. Nd5 Bg7 11. c3 O-O 12. Nc2 f5 13. exf5 Bxf5 14. Nce3
Be6 15. Bd3 Bxd5 16. Nxd5 Qg5 17. Ne3 Rfd8 18. h4 Qe7 19. Nd5 Qf8 20. Qh5 h6
21. Qf5 f6 22. Qh7+ Kf7 23. Qg6+ Kg8 24. Qh7+ Kf7 25. Bg6+ Ke6 26. Nc7+ Kd7 27.
Nxa8 Rxa8 28. Bc2 Qe7 29. Qf5+ Kc7 30. O-O-O Rd8 31. Be4 Qf7 32. Bd5 Qe7 33.
Rhe1 Re8 34. Qd3 Qd7 35. b4 Kb8 36. Bxc6 Qxc6 37. Qxd6+ Qxd6 38. Rxd6 Rc8 39.
Kc2 Rc7 40. Rd8+ Ka7 41. Red1 Kb6 42. R1d7 Rxd7 43. Rxd7 Bf8 44. Rf7 Bd6 45.
Rxf6 Kc7 46. Rxh6 1-0

[Event "DEM U10 2019"]
[Site "Willingen GER"]
[Date "2019.06.12"]
[Round "7"]
[White "Xue, Luka"]
[Black "Schlange, Jonathan"]
[Result "1-0"]
[Termination "normal"]
[Board "11"]
[WhiteElo "1429"]
[BlackElo "1488"]
[PlyCount "123"]
[WhiteFideId "16277252"]
[BlackFideId "16287240"]
[EventCountry "GER"]
[EventRounds "11"]
[EventType "swiss"]
[EventDate "2019.06.08"]

1. e4 c5 2. Nc3 Nc6 3. f4 g6 4. Nf3 Bg7 5. Bb5 Nd4 6. O-O a6 7. Bd3 e6 8. Nxd4
cxd4 9. Ne2 d6 10. c3 e5 11. f5 Nf6 12. Bc2 d3 13. Bxd3 O-O 14. Bc2 b5 15. d4
Qb6 16. Kh1 Bb7 17. d5 Ng4 18. Qe1 Rfe8 19. Qh4 h5 20. fxg6 fxg6 21. h3 Ne3 22.
Bxe3 Qxe3 23. Qf2 Qxf2 24. Rxf2 Rac8 25. Raf1 Re7 26. Ng1 a5 27. Nf3 Bh6 28.
Nh4 Rg7 29. g3 b4 30. cxb4 Ba6 31. Re1 axb4 32. Bd1 Bg5 33. Be2 Rc2 34. Rg2
Bxh4 35. gxh4 Rxe2 36. Rexe2 Bxe2 37. Rxe2 Ra7 38. b3 Rf7 39. Kg2 Kg7 40. Rc2
Ra7 41. Kf1 Kf6 42. Ke1 Ra6 43. Ke2 g5 44. Kd3 gxh4 45. Rg2 Ra8 46. Kc4 Rb8 47.
Rg1 Ra8 48. Kxb4 Rxa2 49. Re1 Rh2 50. Re3 Rg2 51. Kc4 Rg3 52. Rc3 Kg5 53. b4
Kf6 54. b5 Ke7 55. b6 Kd7 56. Kb4 Rg1 57. Kb5 Rg3 58. Rc7+ Kd8 59. Kc6 Rc3+ 60.
Kxd6 Rxh3 61. b7 Rb3 62. Rc8# 1-0

[Event "DEM U10 2019"]
[Site "Willingen GER"]
[Date "2019.06.12"]
[Round "7"]
[White "Dorendorf, Mika"]
[Black "Klaska, Philipp Leon"]
[Result "1/2-1/2"]
[Termination "normal"]
[Board "12"]
[WhiteElo "1398"]
[BlackElo "1444"]
[PlyCount "65"]
[WhiteFideId "16283066"]
[BlackFideId "16238044"]
[EventCountry "GER"]
[EventRounds "11"]
[EventType "swiss"]
[EventDate "2019.06.08"]

1. e4 d6 2. d4 Nf6 3. Nc3 g6 4. Be3 Bg7 5. f3 Nbd7 6. Qd2 c6 7. O-O-O Qc7 8.
Bh6 O-O 9. h4 Re8 10. h5 Nxh5 11. g4 Nhf6 12. Bxg7 Kxg7 13. Qh6+ Kg8 14. g5 Nh5
15. Nge2 Nf8 16. f4 Ng7 17. d5 c5 18. Bh3 a6 19. Ng3 Bxh3 20. Rxh3 Qd7 21. Rf1
e6 22. dxe6 fxe6 23. Rd1 Rad8 24. e5 Nf5 25. Nxf5 gxf5 26. Rxd6 Qg7 27. Qxg7+
Kxg7 28. Rhd3 Rxd6 29. exd6 Ng6 30. Rf3 Rd8 31. Na4 c4 32. Nc5 Rxd6 33. Nxb7
1/2-1/2

[Event "DEM U10 2019"]
[Site "Willingen GER"]
[Date "2019.06.12"]
[Round "7"]
[White "Burkart, Lloyd Shang"]
[Black "Middendorf, Sven-Jonas"]
[Result "1/2-1/2"]
[Termination "normal"]
[Board "13"]
[WhiteElo "1411"]
[BlackElo "1452"]
[PlyCount "72"]
[WhiteFideId "16239059"]
[BlackFideId "16287207"]
[EventCountry "GER"]
[EventRounds "11"]
[EventType "swiss"]
[EventDate "2019.06.08"]

1. c4 e5 2. g3 Nf6 3. Nc3 Be7 4. Bg2 O-O 5. Nf3 Nc6 6. O-O d6 7. a3 Be6 8. d3
d5 9. cxd5 Nxd5 10. Nxd5 Bxd5 11. b4 a6 12. Bb2 Bf6 13. Rc1 Qd7 14. Qc2 Rfe8
15. Rfd1 Rac8 16. Nd2 Bxg2 17. Kxg2 Nd4 18. Bxd4 exd4 19. Ne4 Qd5 20. Kg1 Be7
21. Qc4 Qxc4 22. Rxc4 Red8 23. Rdc1 c6 24. Nc5 Bxc5 25. Rxc5 Re8 26. Kf1 Rc7
27. R5c4 Rd7 28. a4 f5 29. Rb1 Rd5 30. Rc5 Rxc5 31. bxc5 Re7 32. f4 Kf7 33. Rb4
Rd7 34. a5 Ke6 35. Kf2 Kd5 36. Rc4 Re7 1/2-1/2

[Event "DEM U10 2019"]
[Site "Willingen GER"]
[Date "2019.06.12"]
[Round "7"]
[White "Kullmann, Max"]
[Black "Jahnz, Laurin"]
[Result "1/2-1/2"]
[Termination "normal"]
[Board "14"]
[WhiteElo "1455"]
[BlackElo "1497"]
[PlyCount "53"]
[WhiteFideId "16218574"]
[BlackFideId "16261089"]
[EventCountry "GER"]
[EventRounds "11"]
[EventType "swiss"]
[EventDate "2019.06.08"]

1. d4 d5 2. c4 e6 3. Bf4 Nf6 4. Nc3 c6 5. e3 Nbd7 6. Nf3 Be7 7. Qc2 O-O 8. cxd5
Nxd5 9. Nxd5 exd5 10. Bd3 Bb4+ 11. Nd2 Bxd2+ 12. Qxd2 Re8 13. O-O Nf8 14. Qe2
Ng6 15. Bxg6 hxg6 16. Qf3 Qh4 17. Qg3 Qxg3 18. Bxg3 Bf5 19. b4 a6 20. a3 Rac8
21. Rac1 Bd3 22. Rfe1 Kh7 23. Bd6 Re6 24. Bc5 b5 25. Rc3 Bc4 26. Ra1 Rce8 27.
Rc2 1/2-1/2

[Event "DEM U10 2019"]
[Site "Willingen GER"]
[Date "2019.06.12"]
[Round "7"]
[White "Chugunov, Ivan"]
[Black "Zobel, Christian"]
[Result "1-0"]
[Termination "normal"]
[Board "15"]
[WhiteElo "1310"]
[BlackElo "1404"]
[PlyCount "47"]
[WhiteFideId "16256808"]
[BlackFideId "16259068"]
[EventCountry "GER"]
[EventRounds "11"]
[EventType "swiss"]
[EventDate "2019.06.08"]

1. e4 e5 2. Nf3 Nc6 3. Bc4 Bc5 4. c3 Nf6 5. d3 d6 6. Bb3 a6 7. h3 h6 8. Be3 Ba7
9. Nbd2 Be6 10. Bc2 d5 11. Nf1 dxe4 12. dxe4 Qd6 13. Qe2 O-O 14. Ng3 Nd7 15.
Nh4 Nb6 16. b3 Ne7 17. O-O Rfd8 18. Rfd1 Qc6 19. c4 Nd7 20. Nhf5 Nxf5 21. Nxf5
Bxf5 22. exf5 Re8 23. Bxa7 Rxa7 24. Be4 1-0